| 000 -LEADER |
| fixed length control field |
00396nam a2200181Ia 4500 |
| 001 - CONTROL NUMBER |
| control field |
17327 |
| 003 - CONTROL NUMBER IDENTIFIER |
| control field |
GE_BSU |
| 008 - FIXED-LENGTH DATA ELEMENTS--GENERAL INFORMATION |
| fixed length control field |
181216s||||||||xx |||||||||||||| ||und|| |
| 040 ## - CATALOGING SOURCE |
| Transcribing agency |
GE_BSU |
| 080 ## - UNIVERSAL DECIMAL CLASSIFICATION NUMBER |
| Universal Decimal Classification number |
008(479.24) |
| 245 ## - TITLE STATEMENT |
| Title |
Azerbaycan Culture & Tourism |
| 260 ## - PUBLICATION, DISTRIBUTION, ETC. |
| Place of publication, distribution, etc. |
Baku |
| 260 ## - PUBLICATION, DISTRIBUTION, ETC. |
| Date of publication, distribution, etc. |
2009 |
| 300 ## - PHYSICAL DESCRIPTION |
| Extent |
319p. 28cm. |
| 653 ## - INDEX TERM--UNCONTROLLED |
| Uncontrolled term |
Azerbaycan Culture & Tourism |
| 942 ## - ADDED ENTRY ELEMENTS (KOHA) |
| Koha item type |
წიგნი |